000 00657nam a2200253Ia 4500
003 OSt
005 20220928131413.0
006 a|||||r|||| 00| 0
007 ta
008 220927b |||||||| |||| 00| 0 eng d
024 _a59711
037 _cTextual
040 _aSDCL
_cSDCL
_beng
041 _2eng
_aeng
082 _aX62:8.73'P, P3
100 _aKoch Timothy W
245 0 _aBank management
250 _a5
260 _aSouth-Western
_bThomson
_c2003
300 _axxiv,888p
_ccm.
700 _a MacDonald S Scott
942 _hX62:8.73'P, P3
_cTEXL
_2CC
999 _c790459
_d790459